Loading...
Literature - British Literature | 1 | 1 | 0 | 0 | 25 | 45 | 79.50 | 1 | 2 |
Fine Arts - Other Fine Arts | 2 | 0 | 1 | 0 | 25 | 17 | 30.00 | 1 | 2 |
Fine Arts - Visual Fine Arts | 0 | 2 | 0 | 0 | 20 | 79 | 81.50 | 0 | 2 |
Pop Culture | 0 | 2 | 0 | 0 | 20 | 86 | 101.00 | 0 | 1 |
Literature - American Literature | 0 | 2 | 0 | 0 | 20 | 85 | 106.50 | 0 | 1 |
Fine Arts - Auditory Fine Arts | 1 | 0 | 0 | 0 | 15 | 43 | 43.00 | 1 | 1 |
Literature - European Literature | 0 | 1 | 0 | 1 | 10 | 138 | 138.00 | 0 | 0 |
Literature - World Literature | 0 | 1 | 0 | 0 | 10 | 100 | 100.00 | 0 | 0 |
Mythology | 0 | 1 | 0 | 1 | 10 | 132 | 132.00 | 0 | 0 |
Other Academic | 0 | 1 | 0 | 1 | 10 | 59 | 59.00 | 0 | 1 |
Philosophy | 0 | 1 | 0 | 0 | 10 | 79 | 79.00 | 0 | 0 |
History - Other History | 0 | 1 | 1 | 0 | 5 | 109 | 109.00 | 0 | 1 |
History - European History | 0 | 0 | 0 | 0 | 0 | 0.00 | 0 | 0 | |
Religion | 0 | 0 | 0 | 0 | 0 | 0.00 | 0 | 0 | |
Social Science | 0 | 0 | 1 | 0 | -5 | 0.00 | 0 | 0 |